000 00608nam a2200253Ia 4500
005 20260121161129.0
008 008 260114s9999 xx 000 0 eng d
020 _a9780203500828
037 _aEBOOK
040 _aCRL
040 _beng
040 _cCRL
041 _2eng
041 _aeng
084 _qCRL
100 _a Leland H. Carlson
_91040574
245 4 _aThe Writings of Henry Barrow, 1590-91
260 _bTaylor and Francis
260 _c1966
856 _uhttp://www.taylorfrancis.com/books/9780203500828
942 _cEBOOK
999 _c1607390
_d1607390